[Event "Russian Championship (Rapid, Men)"]
[Site "Sochi"]
[Date "2018.10.05"]
[Round "2.30"]
[White "Mikhailovsky, Vladimir"]
[Black "Maletin, Pavel"]
[Result "0-1"]
[BlackElo "2570"]
[WhiteElo "2331"]
[LiveChessVersion "1.4.8"]

1. e4 {[%clk 0:15:18]} c5 {[%clk 0:15:19]} 2. Nf3 {[%clk 0:15:24]} d6
{[%clk 0:15:28]} 3. d4 {[%clk 0:15:25]} cxd4 {[%clk 0:15:36]} 4. Qxd4
{[%clk 0:15:28]} a6 {[%clk 0:15:43]} 5. Nc3 {[%clk 0:15:32]} Nc6 {[%clk 0:15:38]}
6. Qd2 {[%clk 0:15:39]} Nf6 {[%clk 0:15:39]} 7. b3 {[%clk 0:15:42]} e6
{[%clk 0:15:30]} 8. Bb2 {[%clk 0:15:49]} Be7 {[%clk 0:15:39]} 9. Bd3
{[%clk 0:15:05]} O-O {[%clk 0:15:43]} 10. O-O {[%clk 0:15:08]} b5
{[%clk 0:15:40]} 11. Rfe1 {[%clk 0:15:09]} Bb7 {[%clk 0:15:33]} 12. Ne2
{[%clk 0:14:54]} Qc7 {[%clk 0:14:47]} 13. Ng3 {[%clk 0:14:28]} Ne5
{[%clk 0:14:39]} 14. Nxe5 {[%clk 0:13:32]} dxe5 {[%clk 0:14:48]} 15. a4
{[%clk 0:13:37]} b4 {[%clk 0:14:31]} 16. Qg5 {[%clk 0:12:29]} Nxe4
{[%clk 0:10:01]} 17. Bxe5 {[%clk 0:12:36]} Bxg5 {[%clk 0:09:48]} 18. Bxc7
{[%clk 0:12:42]} Nxg3 {[%clk 0:09:24]} 19. hxg3 {[%clk 0:12:35]} Rfc8
{[%clk 0:08:47]} 20. Bb6 {[%clk 0:11:56]} a5 {[%clk 0:08:46]} 21. Rad1
{[%clk 0:11:40]} Bd5 {[%clk 0:08:44]} 22. Re2 {[%clk 0:10:45]} Bf6
{[%clk 0:08:35]} 23. Bb5 {[%clk 0:10:26]} h5 {[%clk 0:07:59]} 24. Rd3
{[%clk 0:08:53]} g6 {[%clk 0:07:04]} 25. Rd1 {[%clk 0:08:28]} Kg7
{[%clk 0:06:56]} 26. Rd3 {[%clk 0:08:17]} Rh8 {[%clk 0:06:09]} 27. Red2
{[%clk 0:07:16]} Rhb8 {[%clk 0:05:41]} 28. Bc7 {[%clk 0:06:02]} Rc8
{[%clk 0:05:46]} 29. Bb6 {[%clk 0:06:05]} Be4 {[%clk 0:05:28]} 30. Rd7
{[%clk 0:06:08]} Bxc2 {[%clk 0:05:31]} 31. Bc4 {[%clk 0:00:33]} Rxc4
{[%clk 0:05:20]} 32. bxc4 {[%clk 0:00:38]} b3 {[%clk 0:05:27]} 33. Rd1
{[%clk 0:00:14]} b2 {[%clk 0:05:27]} 34. c5 {[%clk 0:00:15]} Rc8 {[%clk 0:04:30]}
35. Rf1 {[%clk 0:00:14]} b1=Q {[%clk 0:04:27]} 36. Rxb1 {[%clk 0:00:22]} Bxb1
{[%clk 0:04:36]} 37. Ra7 {[%clk 0:00:29]} Bc3 {[%clk 0:04:15]} 38. Bxa5
{[%clk 0:00:24]} Rxc5 {[%clk 0:03:12]} 39. Bb6 {[%clk 0:00:32]} Rd5
{[%clk 0:02:56]} 40. a5 {[%clk 0:00:18]} Bd4 {[%clk 0:02:56]} 41. Rb7
{[%clk 0:00:11]} Bxb6 {[%clk 0:02:55]} 42. axb6 {[%clk 0:00:20]} Rb5
{[%clk 0:03:03]} 43. f3 {[%clk 0:00:25]} Rb2 {[%clk 0:03:05]} 44. Kh2
{[%clk 0:00:28]} Ba2 {[%clk 0:03:00]} 45. Kh3 {[%clk 0:00:35]} Bd5
{[%clk 0:03:04]} 46. Rb8 {[%clk 0:00:43]} g5 {[%clk 0:03:04]} 47. g4
{[%clk 0:00:25]} hxg4+ {[%clk 0:03:09]} 48. Kxg4 {[%clk 0:00:23]} Rxg2+
{[%clk 0:03:10]} 49. Kh3 {[%clk 0:00:21]} Bxf3 {[%clk 0:03:17]} 50. b7
{[%clk 0:00:11]} Rb2 {[%clk 0:03:24]} 51. Kg3 {[%clk 0:00:15]} Bxb7
{[%clk 0:03:28]} 0-1

[Event "Russian Championship (Rapid, Men)"]
[Site "Sochi"]
[Date "2018.10.05"]
[Round "2.34"]
[White "Gabrielian, Artur"]
[Black "Rozhko, Dmitry"]
[Result "1-0"]
[BlackElo "2281"]
[WhiteElo "2532"]
[LiveChessVersion "1.4.8"]

1. e4 {[%clk 0:15:19]} c6 {[%clk 0:15:20]} 2. d4 {[%clk 0:15:26]} d5
{[%clk 0:15:29]} 3. Nd2 {[%clk 0:15:34]} dxe4 {[%clk 0:15:37]} 4. Nxe4
{[%clk 0:15:42]} Bf5 {[%clk 0:15:39]} 5. Ng3 {[%clk 0:15:51]} Bg6
{[%clk 0:15:48]} 6. c3 {[%clk 0:16:00]} e6 {[%clk 0:15:46]} 7. Nh3
{[%clk 0:16:07]} Bd6 {[%clk 0:15:12]} 8. Nf4 {[%clk 0:16:16]} Nf6
{[%clk 0:15:08]} 9. h4 {[%clk 0:16:23]} Bxf4 {[%clk 0:14:59]} 10. Bxf4
{[%clk 0:16:32]} h6 {[%clk 0:15:00]} 11. Qb3 {[%clk 0:16:41]} Qb6
{[%clk 0:13:19]} 12. Qa3 {[%clk 0:16:49]} Nbd7 {[%clk 0:13:12]} 13. Rd1
{[%clk 0:16:58]} Nd5 {[%clk 0:12:17]} 14. Bd2 {[%clk 0:17:06]} a5
{[%clk 0:11:19]} 15. Be2 {[%clk 0:16:52]} c5 {[%clk 0:09:40]} 16. h5
{[%clk 0:16:01]} Bh7 {[%clk 0:09:34]} 17. O-O {[%clk 0:13:08]} O-O
{[%clk 0:09:30]} 18. Bc1 {[%clk 0:12:58]} Rfd8 {[%clk 0:07:53]} 19. Bf3
{[%clk 0:12:52]} c4 {[%clk 0:07:23]} 20. Ne4 {[%clk 0:10:32]} Qc7
{[%clk 0:05:44]} 21. Qd6 {[%clk 0:09:20]} Bxe4 {[%clk 0:03:44]} 22. Qxc7
{[%clk 0:09:28]} Nxc7 {[%clk 0:03:40]} 23. Bxe4 {[%clk 0:09:37]} Nd5
{[%clk 0:03:39]} 24. Bf3 {[%clk 0:08:50]} b5 {[%clk 0:03:35]} 25. g4
{[%clk 0:08:20]} b4 {[%clk 0:02:46]} 26. Bd2 {[%clk 0:08:12]} bxc3
{[%clk 0:02:38]} 27. bxc3 {[%clk 0:08:09]} Rab8 {[%clk 0:02:41]} 28. Rb1
{[%clk 0:08:05]} Rxb1 {[%clk 0:02:36]} 29. Rxb1 {[%clk 0:08:14]} Rb8
{[%clk 0:02:42]} 30. Rxb8+ {[%clk 0:07:58]} Nxb8 {[%clk 0:02:50]} 31. Be2
{[%clk 0:08:02]} Nb6 {[%clk 0:02:38]} 32. Kf1 {[%clk 0:07:32]} Kf8
{[%clk 0:02:45]} 33. Ke1 {[%clk 0:06:46]} Ke7 {[%clk 0:02:49]} 34. Kd1
{[%clk 0:06:38]} Nc6 {[%clk 0:02:47]} 35. Kc2 {[%clk 0:06:36]} e5
{[%clk 0:00:50]} 36. dxe5 {[%clk 0:05:51]} Nxe5 {[%clk 0:00:55]} 37. f4
{[%clk 0:05:20]} Ned7 {[%clk 0:00:40]} 38. g5 {[%clk 0:05:23]} f5
{[%clk 0:00:15]} 39. Be3 {[%clk 0:03:35]} Kd6 {[%clk 0:00:12]} 40. Bd4
{[%clk 0:03:23]} Nd5 {[%clk 0:00:15]} 41. Bxg7 {[%clk 0:03:14]} Nxf4
{[%clk 0:00:12]} 42. gxh6 {[%clk 0:02:59]} Nxe2 {[%clk 0:00:16]} 43. h7
{[%clk 0:03:05]} f4 {[%clk 0:00:18]} 44. h8=Q f3 {[%clk 0:00:25]} 45. Bd4
{[%clk 0:03:14]} 1-0

[Event "Russian Championship (Rapid, Men)"]
[Site "Sochi"]
[Date "2018.10.05"]
[Round "3.1"]
[White "Sychev, Klementy"]
[Black "Artemiev, Vladislav"]
[Result "0-1"]
[BlackElo "2764"]
[WhiteElo "2578"]
[LiveChessVersion "1.4.8"]

1. e4 {[%clk 0:15:19]} c5 {[%clk 0:15:00]} 2. Nf3 {[%clk 0:15:27]} d6
{[%clk 0:15:08]} 3. d4 {[%clk 0:15:35]} cxd4 {[%clk 0:15:16]} 4. Nxd4
{[%clk 0:15:43]} Nf6 {[%clk 0:15:24]} 5. Nc3 {[%clk 0:15:51]} a6 {[%clk 0:15:32]}
6. Bg5 {[%clk 0:15:43]} Nbd7 {[%clk 0:15:00]} 7. Bc4 {[%clk 0:15:42]} Qa5
{[%clk 0:14:46]} 8. Qd2 {[%clk 0:15:37]} e6 {[%clk 0:14:54]} 9. O-O-O
{[%clk 0:15:43]} b5 {[%clk 0:15:00]} 10. Bb3 {[%clk 0:15:52]} Bb7
{[%clk 0:14:45]} 11. Rhe1 {[%clk 0:15:33]} O-O-O {[%clk 0:14:49]} 12. f3
{[%clk 0:14:33]} Kb8 {[%clk 0:14:27]} 13. Kb1 {[%clk 0:14:18]} Rc8
{[%clk 0:14:28]} 14. Be3 {[%clk 0:13:00]} Be7 {[%clk 0:13:42]} 15. a3
{[%clk 0:12:15]} Ne5 {[%clk 0:13:04]} 16. Bf2 {[%clk 0:11:12]} Nfd7
{[%clk 0:10:55]} 17. f4 {[%clk 0:05:52]} Nc4 {[%clk 0:11:02]} 18. Bxc4
{[%clk 0:06:00]} Rxc4 {[%clk 0:11:04]} 19. f5 {[%clk 0:05:01]} e5
{[%clk 0:08:43]} 20. Nb3 {[%clk 0:01:46]} Qc7 {[%clk 0:08:51]} 21. Qe3
{[%clk 0:01:51]} Nf6 {[%clk 0:07:11]} 22. Qa7+ Kc8 23. Na5 Rxc3 24. Qxb7+ Qxb7
25. Nxb7 Rc6 26. Na5 Rc7 27. Bb6 {[%clk 0:00:22]} Rd7 {[%clk 0:06:04]} 28. c4
{[%clk 0:00:32]} Bd8 {[%clk 0:05:56]} 29. Bxd8 {[%clk 0:00:39]} Rhxd8
{[%clk 0:05:50]} 30. cxb5 {[%clk 0:00:39]} axb5 {[%clk 0:05:59]} 31. Nc6
{[%clk 0:00:42]} Re8 {[%clk 0:06:08]} 32. Nb4 {[%clk 0:00:51]} d5
{[%clk 0:04:55]} 33. Nxd5 {[%clk 0:00:46]} Nxd5 {[%clk 0:05:03]} 34. exd5
{[%clk 0:00:50]} Kc7 {[%clk 0:05:04]} 35. Re3 {[%clk 0:00:48]} Kd6
{[%clk 0:04:44]} 36. g4 {[%clk 0:00:38]} Rc7 {[%clk 0:04:40]} 37. g5
{[%clk 0:00:27]} e4 {[%clk 0:03:37]} 38. Rd4 {[%clk 0:00:31]} Rc4
{[%clk 0:03:42]} 39. Rxc4 {[%clk 0:00:12]} bxc4 {[%clk 0:03:51]} 40. Kc2
{[%clk 0:00:21]} Kxd5 {[%clk 0:03:58]} 41. Rh3 {[%clk 0:00:27]} e3
{[%clk 0:02:48]} 42. Kd1 {[%clk 0:00:36]} Ke4 {[%clk 0:02:41]} 43. Ke2
{[%clk 0:00:30]} Kxf5 {[%clk 0:02:49]} 44. Rxh7 {[%clk 0:00:29]} Rb8
{[%clk 0:01:02]} 45. Kxe3 {[%clk 0:00:32]} Kg6 {[%clk 0:01:04]} 46. Rh4
{[%clk 0:00:40]} Rb3+ {[%clk 0:00:44]} 47. Kd4 {[%clk 0:00:40]} Kxg5
{[%clk 0:00:51]} 48. Kxc4 {[%clk 0:00:27]} Rxb2 {[%clk 0:00:58]} 49. Rh3
{[%clk 0:00:37]} f5 {[%clk 0:01:00]} 50. Rg3+ {[%clk 0:00:27]} Kf6
{[%clk 0:01:07]} 51. h3 {[%clk 0:00:27]} Ra2 {[%clk 0:00:41]} 52. Kb4
{[%clk 0:00:28]} g5 {[%clk 0:00:40]} 53. a4 {[%clk 0:00:16]} f4 {[%clk 0:00:49]}
54. Rg1 {[%clk 0:00:25]} Rh2 {[%clk 0:00:50]} 55. a5 {[%clk 0:00:25]} Rxh3
{[%clk 0:00:59]} 56. a6 {[%clk 0:00:24]} Rh8 {[%clk 0:01:05]} 57. Kc4
{[%clk 0:00:19]} Kf5 {[%clk 0:00:55]} 58. Ra1 {[%clk 0:00:15]} Ke4
{[%clk 0:01:04]} 59. Rg1 {[%clk 0:00:11]} f3 {[%clk 0:01:04]} 60. Rxg5
{[%clk 0:00:13]} f2 {[%clk 0:01:11]} 61. Rg4+ {[%clk 0:00:22]} Kf5
{[%clk 0:01:14]} 62. Rg7 {[%clk 0:00:24]} f1=Q+ {[%clk 0:01:21]} 0-1

[Event "Russian Championship (Rapid, Men)"]
[Site "Sochi"]
[Date "2018.10.05"]
[Round "3.2"]
[White "Sjugirov, Sanan"]
[Black "Vastrukhin, Oleg"]
[Result "1-0"]
[BlackElo "2574"]
[WhiteElo "2735"]
[LiveChessVersion "1.4.8"]

1. d4 {[%clk 0:15:13]} g6 {[%clk 0:15:18]} 2. c4 {[%clk 0:14:14]} Bg7
{[%clk 0:15:26]} 3. e4 {[%clk 0:12:54]} d6 {[%clk 0:15:24]} 4. Nc3
{[%clk 0:12:56]} e5 {[%clk 0:15:30]} 5. Nge2 {[%clk 0:12:00]} Nc6
{[%clk 0:15:17]} 6. d5 {[%clk 0:11:53]} Nce7 {[%clk 0:12:42]} 7. Ng3
{[%clk 0:10:52]} f5 {[%clk 0:12:13]} 8. exf5 {[%clk 0:10:49]} Nxf5
{[%clk 0:12:18]} 9. Bd3 {[%clk 0:09:09]} Nf6 {[%clk 0:10:29]} 10. Bg5
{[%clk 0:09:08]} O-O {[%clk 0:08:16]} 11. O-O {[%clk 0:08:37]} Qe8
{[%clk 0:07:39]} 12. Qd2 {[%clk 0:08:16]} h6 {[%clk 0:04:42]} 13. Bxf6
{[%clk 0:03:03]} Rxf6 {[%clk 0:04:45]} 14. Nce4 {[%clk 0:03:00]} Rf8
{[%clk 0:04:44]} 15. c5 {[%clk 0:03:01]} dxc5 {[%clk 0:01:02]} 16. Nxc5
{[%clk 0:03:03]} b6 {[%clk 0:01:11]} 17. Nce4 {[%clk 0:02:34]} Bb7
{[%clk 0:01:19]} 18. Rac1 {[%clk 0:02:06]} Qe7 {[%clk 0:00:58]} 19. Nc3
{[%clk 0:01:30]} Rad8 {[%clk 0:01:02]} 20. Be4 {[%clk 0:01:22]} a6
{[%clk 0:00:55]} 21. Qd3 {[%clk 0:01:17]} Qf6 {[%clk 0:00:44]} 22. Rcd1
{[%clk 0:00:52]} Kh7 {[%clk 0:00:42]} 23. Qb1 {[%clk 0:00:39]} Nd6
{[%clk 0:00:36]} 24. Rd3 {[%clk 0:00:29]} Qg5 {[%clk 0:00:34]} 25. Re3
{[%clk 0:00:22]} Rf6 {[%clk 0:00:33]} 26. Bd3 {[%clk 0:00:24]} Rf4
{[%clk 0:00:30]} 27. Nge4 {[%clk 0:00:23]} Nxe4 {[%clk 0:00:27]} 28. Bxe4
{[%clk 0:00:26]} Rd6 {[%clk 0:00:29]} 29. Rg3 {[%clk 0:00:34]} Rg4
{[%clk 0:00:37]} 30. Rxg4 {[%clk 0:00:31]} Qxg4 {[%clk 0:00:46]} 31. Qc2
{[%clk 0:00:29]} Rd7 {[%clk 0:00:30]} 32. Nd1 {[%clk 0:00:22]} Qg5
{[%clk 0:00:26]} 33. Ne3 {[%clk 0:00:28]} Bf8 {[%clk 0:00:29]} 34. g3
{[%clk 0:00:28]} Bc5 {[%clk 0:00:26]} 35. h4 {[%clk 0:00:35]} Qf6
{[%clk 0:00:19]} 36. Ng4 {[%clk 0:00:31]} Qg7 {[%clk 0:00:28]} 37. h5
{[%clk 0:00:19]} Bxd5 {[%clk 0:00:26]} 38. hxg6+ {[%clk 0:00:21]} Kh8
{[%clk 0:00:33]} 39. Bxd5 {[%clk 0:00:26]} Rxd5 {[%clk 0:00:42]} 40. Qf5
{[%clk 0:00:29]} Bd4 {[%clk 0:00:00]} 1-0

[Event "Russian Championship (Rapid, Men)"]
[Site "Sochi"]
[Date "2018.10.05"]
[Round "3.5"]
[White "Shcherbakov, Ruslan"]
[Black "Dubov, Daniil"]
[Result "0-1"]
[BlackElo "2697"]
[WhiteElo "2555"]
[LiveChessVersion "1.4.8"]

1. e4 {[%clk 0:15:12]} c5 {[%clk 0:15:17]} 2. Nf3 {[%clk 0:15:19]} e6
{[%clk 0:15:26]} 3. b3 {[%clk 0:15:21]} d6 {[%clk 0:15:34]} 4. Bb2
{[%clk 0:14:36]} Bd7 {[%clk 0:15:43]} 5. c4 {[%clk 0:11:43]} e5 {[%clk 0:15:38]}
6. Nc3 {[%clk 0:11:14]} Nc6 {[%clk 0:15:44]} 7. g3 {[%clk 0:10:15]} g6
{[%clk 0:15:47]} 8. Bg2 {[%clk 0:09:27]} Bg7 {[%clk 0:15:53]} 9. h4
{[%clk 0:08:39]} Nf6 {[%clk 0:15:31]} 10. d3 {[%clk 0:08:30]} O-O
{[%clk 0:15:27]} 11. Nd5 {[%clk 0:08:09]} Nxd5 {[%clk 0:14:30]} 12. cxd5
{[%clk 0:08:09]} Nd4 {[%clk 0:14:39]} 13. Nxd4 {[%clk 0:07:09]} cxd4
{[%clk 0:14:05]} 14. Qd2 {[%clk 0:07:15]} f5 {[%clk 0:13:23]} 15. h5
{[%clk 0:05:11]} f4 {[%clk 0:13:20]} 16. hxg6 {[%clk 0:04:40]} hxg6
{[%clk 0:13:23]} 17. O-O-O {[%clk 0:03:54]} a5 {[%clk 0:13:16]} 18. Kb1
{[%clk 0:03:26]} a4 {[%clk 0:13:04]} 19. Qb4 {[%clk 0:02:40]} axb3
{[%clk 0:13:10]} 20. axb3 {[%clk 0:02:33]} Ra6 {[%clk 0:12:53]} 21. Bh3
{[%clk 0:02:08]} Bxh3 {[%clk 0:10:43]} 22. Rxh3 {[%clk 0:02:12]} fxg3
{[%clk 0:10:52]} 23. Rxg3 {[%clk 0:02:06]} Rxf2 24. Rxg6 Qa8 {[%clk 0:10:47]} 25.
Rd2 {[%clk 0:01:20]} Ra1+ {[%clk 0:10:09]} 26. Kc2 {[%clk 0:00:58]} Qa2
{[%clk 0:10:17]} 27. Rxg7+ {[%clk 0:00:18]} Kxg7 {[%clk 0:10:25]} 28. Qxb7+
{[%clk 0:00:28]} Kg6 {[%clk 0:10:25]} 0-1

[Event "Russian Championship (Rapid, Men)"]
[Site "Sochi"]
[Date "2018.10.05"]
[Round "3.6"]
[White "Gabrielian, Artur"]
[Black "Matlakov, Maxim"]
[Result "1/2-1/2"]
[BlackElo "2678"]
[WhiteElo "2532"]
[LiveChessVersion "1.4.8"]

1. e4 e5 {[%clk 0:13:04]} 2. Nf3 {[%clk 0:15:25]} Nc6 {[%clk 0:13:13]} 3. Bc4
{[%clk 0:15:31]} Bc5 {[%clk 0:13:21]} 4. d3 {[%clk 0:15:39]} Nf6 {[%clk 0:13:29]}
5. Bg5 {[%clk 0:15:30]} h6 {[%clk 0:13:28]} 6. Bh4 {[%clk 0:15:39]} Be7
{[%clk 0:13:37]} 7. Bg3 {[%clk 0:15:25]} d6 {[%clk 0:13:44]} 8. Nbd2
{[%clk 0:14:52]} O-O {[%clk 0:13:46]} 9. a4 {[%clk 0:14:35]} g6 {[%clk 0:13:43]}
10. h3 {[%clk 0:14:43]} Kh7 {[%clk 0:13:20]} 11. c3 {[%clk 0:14:36]} Nh5
{[%clk 0:13:20]} 12. Bh2 {[%clk 0:14:40]} Bg5 {[%clk 0:13:10]} 13. Nf1
{[%clk 0:13:24]} f5 {[%clk 0:08:57]} 14. exf5 {[%clk 0:12:31]} gxf5
{[%clk 0:09:06]} 15. Ne3 {[%clk 0:06:25]} Bxe3 {[%clk 0:06:59]} 16. fxe3
{[%clk 0:06:34]} e4 {[%clk 0:04:59]} 17. Nd4 {[%clk 0:06:10]} Qh4+
{[%clk 0:05:04]} 18. Kd2 {[%clk 0:06:12]} Ne5 {[%clk 0:05:02]} 19. Rf1
{[%clk 0:03:20]} exd3 {[%clk 0:04:56]} 20. Bxd3 {[%clk 0:01:14]} Nxd3
{[%clk 0:04:53]} 21. Kxd3 {[%clk 0:01:13]} Qe4+ {[%clk 0:04:46]} 22. Kd2
{[%clk 0:01:32]} Qxg2+ {[%clk 0:04:14]} 23. Qe2 {[%clk 0:01:36]} Qxe2+
{[%clk 0:04:18]} 24. Kxe2 {[%clk 0:01:38]} Bd7 {[%clk 0:04:18]} 25. Nb5
{[%clk 0:01:27]} Rfc8 {[%clk 0:03:37]} 26. Rf2 {[%clk 0:01:33]} a6
{[%clk 0:03:34]} 27. Nd4 {[%clk 0:01:40]} Rf8 {[%clk 0:03:40]} 28. Raf1
{[%clk 0:01:25]} Ng7 {[%clk 0:03:32]} 29. b3 {[%clk 0:01:01]} Rae8
{[%clk 0:03:33]} 30. Kd2 {[%clk 0:01:07]} Re4 {[%clk 0:03:35]} 31. Bf4
{[%clk 0:01:13]} Rfe8 {[%clk 0:03:39]} 32. c4 {[%clk 0:00:31]} Nh5
{[%clk 0:03:41]} 33. Ne2 {[%clk 0:00:26]} R4e7 {[%clk 0:03:03]} 34. a5
{[%clk 0:00:31]} Bc6 {[%clk 0:02:58]} 35. Re1 {[%clk 0:00:30]} Rg8
{[%clk 0:01:35]} 36. Bh2 {[%clk 0:00:39]} Bd7 {[%clk 0:01:04]} 37. Nc3
{[%clk 0:00:34]} Nf6 {[%clk 0:01:10]} 38. Rg1 {[%clk 0:00:27]} Rxg1
{[%clk 0:01:07]} 39. Bxg1 {[%clk 0:00:36]} Re5 {[%clk 0:01:16]} 40. b4
{[%clk 0:00:28]} Ne4+ {[%clk 0:01:25]} 41. Nxe4 {[%clk 0:00:31]} Rxe4
{[%clk 0:01:34]} 42. Rf4 {[%clk 0:00:38]} Re8 {[%clk 0:01:25]} 43. Bh2
{[%clk 0:00:35]} Kg6 {[%clk 0:01:12]} 44. Rd4 {[%clk 0:00:35]} f4
{[%clk 0:01:12]} 45. Bxf4 {[%clk 0:00:42]} Bxh3 {[%clk 0:01:19]} 46. Bxh6
{[%clk 0:00:48]} 1/2-1/2

[Event "Russian Championship (Rapid, Men)"]
[Site "Sochi"]
[Date "2018.10.05"]
[Round "3.7"]
[White "Oparin, Grigoriy"]
[Black "Gordievsky, Dmitry"]
[Result "1-0"]
[BlackElo "2498"]
[WhiteElo "2671"]
[LiveChessVersion "1.4.8"]

1. Nf3 {[%clk 0:15:17]} c5 {[%clk 0:14:59]} 2. c4 {[%clk 0:15:24]} Nc6
{[%clk 0:14:24]} 3. d4 {[%clk 0:15:11]} cxd4 {[%clk 0:14:32]} 4. Nxd4
{[%clk 0:15:19]} g6 {[%clk 0:14:10]} 5. e4 {[%clk 0:14:53]} Bg7 {[%clk 0:14:07]}
6. Nc2 {[%clk 0:14:58]} d6 {[%clk 0:13:43]} 7. Be2 {[%clk 0:14:43]} a5
{[%clk 0:13:33]} 8. Nc3 {[%clk 0:13:55]} a4 {[%clk 0:13:01]} 9. Bd2
{[%clk 0:13:48]} Nf6 {[%clk 0:13:05]} 10. O-O {[%clk 0:13:47]} O-O
{[%clk 0:13:10]} 11. Na3 {[%clk 0:13:20]} Nd4 {[%clk 0:12:45]} 12. Bd3
{[%clk 0:13:06]} Bd7 {[%clk 0:12:54]} 13. Rb1 {[%clk 0:12:23]} Bc6
{[%clk 0:12:43]} 14. f3 {[%clk 0:11:53]} Nd7 {[%clk 0:12:41]} 15. Be3
{[%clk 0:11:46]} Nc5 {[%clk 0:12:17]} 16. Re1 {[%clk 0:11:10]} e5
{[%clk 0:09:24]} 17. Nab5 {[%clk 0:10:09]} f5 {[%clk 0:08:42]} 18. exf5
{[%clk 0:10:02]} gxf5 {[%clk 0:08:41]} 19. Bxd4 {[%clk 0:09:18]} exd4
{[%clk 0:08:47]} 20. Nd5 {[%clk 0:09:18]} Bxd5 {[%clk 0:08:06]} 21. cxd5
{[%clk 0:09:27]} Qb6 {[%clk 0:05:44]} 22. Qd2 {[%clk 0:07:50]} Rae8
{[%clk 0:05:39]} 23. Rxe8 {[%clk 0:07:32]} Rxe8 {[%clk 0:05:47]} 24. Re1
{[%clk 0:07:40]} Rxe1+ {[%clk 0:01:43]} 25. Qxe1 {[%clk 0:07:49]} Kf8
{[%clk 0:01:47]} 26. Qd2 {[%clk 0:07:12]} Be5 {[%clk 0:00:53]} 27. Qh6+
{[%clk 0:06:43]} Bg7 {[%clk 0:00:17]} 28. Qg5 {[%clk 0:06:45]} Nxd3
{[%clk 0:00:12]} 29. Qxf5+ {[%clk 0:06:52]} Kg8 {[%clk 0:00:15]} 30. Qe6+
{[%clk 0:06:43]} Kf8 {[%clk 0:00:25]} 31. Nxd6 {[%clk 0:06:48]} 1-0

[Event "Russian Championship (Rapid, Men)"]
[Site "Sochi"]
[Date "2018.10.05"]
[Round "3.8"]
[White "Alekseenko, Kirill"]
[Black "Krylov, Mikhail"]
[Result "1-0"]
[BlackElo "2481"]
[WhiteElo "2668"]
[LiveChessVersion "1.4.8"]

1. e4 {[%clk 0:15:18]} c5 {[%clk 0:15:14]} 2. Nf3 {[%clk 0:15:24]} e6
{[%clk 0:15:21]} 3. d4 {[%clk 0:15:32]} cxd4 {[%clk 0:15:29]} 4. Nxd4
{[%clk 0:15:40]} Nc6 {[%clk 0:15:34]} 5. Nc3 {[%clk 0:15:46]} Qc7
{[%clk 0:15:38]} 6. Be2 {[%clk 0:15:53]} a6 {[%clk 0:15:40]} 7. O-O
{[%clk 0:15:56]} Nf6 {[%clk 0:15:37]} 8. Be3 {[%clk 0:16:04]} Be7
{[%clk 0:15:43]} 9. f4 {[%clk 0:16:06]} d6 {[%clk 0:15:51]} 10. a4
{[%clk 0:15:26]} O-O {[%clk 0:15:38]} 11. Kh1 {[%clk 0:15:34]} Re8
{[%clk 0:14:29]} 12. Bf3 {[%clk 0:15:42]} Rb8 {[%clk 0:14:15]} 13. g4
{[%clk 0:15:06]} Bf8 {[%clk 0:13:58]} 14. g5 {[%clk 0:15:01]} Nd7
{[%clk 0:14:01]} 15. Bg2 {[%clk 0:15:08]} g6 {[%clk 0:12:15]} 16. Qe1
{[%clk 0:15:01]} b6 {[%clk 0:11:43]} 17. Nxc6 {[%clk 0:11:24]} Qxc6
{[%clk 0:11:51]} 18. e5 {[%clk 0:11:33]} d5 {[%clk 0:10:53]} 19. Ne2
{[%clk 0:11:13]} Bb7 {[%clk 0:09:07]} 20. Nd4 {[%clk 0:11:21]} Qc7
{[%clk 0:09:13]} 21. h4 {[%clk 0:10:47]} Rbc8 {[%clk 0:07:50]} 22. h5
{[%clk 0:10:53]} Nb8 {[%clk 0:07:02]} 23. Rf3 {[%clk 0:09:16]} Nc6
{[%clk 0:06:50]} 24. c3 {[%clk 0:09:25]} Nxd4 {[%clk 0:06:33]} 25. Bxd4
{[%clk 0:09:33]} Bc5 {[%clk 0:06:30]} 26. Rd3 {[%clk 0:09:24]} a5
{[%clk 0:05:58]} 27. Qh4 {[%clk 0:09:03]} Ba6 {[%clk 0:05:51]} 28. Rd2
{[%clk 0:09:12]} Qe7 {[%clk 0:05:46]} 29. Kh2 {[%clk 0:08:56]} Bxd4
{[%clk 0:05:41]} 30. Rxd4 {[%clk 0:08:57]} Rc4 {[%clk 0:05:20]} 31. Rad1
{[%clk 0:08:27]} Rec8 {[%clk 0:05:16]} 32. Qf2 {[%clk 0:08:02]} Qc5
{[%clk 0:05:05]} 33. Kg3 {[%clk 0:07:54]} Qc6 {[%clk 0:05:00]} 34. hxg6
{[%clk 0:07:27]} hxg6 {[%clk 0:04:30]} 35. Bf3 {[%clk 0:06:47]} Rxd4
{[%clk 0:01:35]} 36. Rxd4 {[%clk 0:06:55]} Bc4 {[%clk 0:01:36]} 37. Qh2
{[%clk 0:06:56]} Qe8 {[%clk 0:00:59]} 38. Rd1 {[%clk 0:06:53]} Kf8
{[%clk 0:00:39]} 39. Qh8+ {[%clk 0:06:41]} Ke7 {[%clk 0:00:48]} 40. Qf6+
{[%clk 0:06:49]} Kd7 {[%clk 0:00:57]} 41. Bxd5 {[%clk 0:06:30]} Bxd5
{[%clk 0:01:05]} 42. Rxd5+ {[%clk 0:06:39]} Kc7 {[%clk 0:01:14]} 43. Rd4
{[%clk 0:06:25]} Kb7 {[%clk 0:01:13]} 44. Qg7 {[%clk 0:06:29]} Rc7
{[%clk 0:00:52]} 45. Qh7 {[%clk 0:06:05]} Qc6 {[%clk 0:00:49]} 46. Qh2
{[%clk 0:06:09]} Rd7 {[%clk 0:00:18]} 47. Qg2 {[%clk 0:05:28]} Rd5
{[%clk 0:00:26]} 48. Kf2 {[%clk 0:04:31]} Qc5 {[%clk 0:00:26]} 49. Ke2
{[%clk 0:03:52]} Ka7 {[%clk 0:00:34]} 50. Qe4 {[%clk 0:03:53]} Rxd4
{[%clk 0:00:32]} 51. Qxd4 {[%clk 0:04:01]} Qc6 {[%clk 0:00:41]} 52. Kd3
{[%clk 0:03:58]} Qf3+ {[%clk 0:00:46]} 53. Kc2 {[%clk 0:04:03]} Qc6
{[%clk 0:00:50]} 54. Kb3 {[%clk 0:04:02]} Kb7 {[%clk 0:00:49]} 55. Qd6
{[%clk 0:03:23]} Qxd6 {[%clk 0:00:42]} 56. exd6 {[%clk 0:03:31]} Kc6
{[%clk 0:00:52]} 57. Kc4 {[%clk 0:03:39]} Kxd6 {[%clk 0:01:01]} 58. Kd4
{[%clk 0:03:32]} Kc6 {[%clk 0:00:32]} 59. Ke5 {[%clk 0:03:23]} Kc5
{[%clk 0:00:23]} 60. b3 {[%clk 0:03:26]} Kc6 {[%clk 0:00:20]} 61. Kf6
{[%clk 0:03:34]} Kd5 {[%clk 0:00:29]} 62. Kxf7 {[%clk 0:03:42]} Ke4
{[%clk 0:00:37]} 63. Kxe6 {[%clk 0:03:46]} Kxf4 {[%clk 0:00:46]} 64. Kf6
{[%clk 0:03:55]} 1-0